| 000 | 00991cam a22002295a 4500 | ||
|---|---|---|---|
| 999 |
_c116089 _d116089 |
||
| 001 | L159697 | ||
| 008 | 171212s2017 xxk f 000 0 eng d | ||
| 020 | _a9781859466407 | ||
| 035 | _a(Sirsi) u159697 | ||
| 041 | 0 | _aeng | |
| 050 | 0 | 4 | _a692.8 |
| 100 | 1 | _aLupton, Sarah | |
| 245 | 0 | 0 | _aGuide to JCT Standard Building Contract 2016 |
| 260 |
_aLondon _bRIBA _c2016 |
||
| 520 | _aOffers comprehensive guidance on the JCT Standard Building Contract 2016 including with Quantities (SBC/Q), Approximate Quantites (SBC/AQ) and without Quantities. Includes differences between 2011 and 2016 versions. Looks at documents, obligations of the contractor, commencement and completion, control of the works, sums property due, certification, indemnity and insurance, termination and dispute resolution. | ||
| 590 | _aKA | ||
| 650 | 2 | 4 | _aJOINT CONTRACTS TRIBUNAL |
| 650 | 2 | 4 | _aJCT STANDARD BUILDING CONTRACT 2016 |
| 651 | 4 | _aENGLAND AND WALES | |
| 690 |
_aContracts _96232 |
||
| 942 |
_n0 _2ddc |
||